Croix de mots : géographie française - Statistiques

Statistiques générales
  • Ce quiz a été pris 101 fois
  • Le résultat moyen est 10 sur 14
Réponses sur la Carte
Les réponses sont colorées sur une échelle allant du rouge au vert en fonction du pourcentage des utilisateurs qui les ont devinées à leur premier essai. Vous pouvez retrouver ces pourcentages ci-dessous.
 
Statistiques - réponses
Hint Réponse % Correct
préfecture de la Corse-du-Sud (2A) Ajaccio
98%
département de Bordeaux (33) Gironde
93%
département de Metz (57) Moselle
89%
département de Dijon (21) Côte-d'Or
84%
département de Privas (07) Ardèche
76%
département de Rodez (12) Aveyron
74%
département de Tulle (19) Corrèze
72%
préfecture du Loiret (45) Orléans
66%
préfecture de la Drôme (26) Valence
62%
préfecture de l'Yonne (89) Auxerre
61%
préfecture du Val-de-Marne (94) Créteil
57%
préfecture de l'Allier (03) Moulins
56%
préfecture de l'Orne (61) Alençon
54%
préfecture de la Manche (50) Saint-Lô
52%
Aucun quiz correspondant
Distribution des résultats
% des personnes avec chaque résultat
Percentile par nombre de réponses
Votre historique - résultats
Vous n’avez pas pris ce quiz